000 00492 a2200193 4500
001 001637
003 OSt
005 20211201161027.0
008
082 _a541.3
_bS32P
100 1 _aSilbey, Robert J.
245 1 _aPhysical chemistry
_cby Robert J. Silbey and R.A. Alberty
250 _a4th ed.
260 _aNew Delhi
_bWiley
_c2009
300 _a944p.
690 _aChemistry, Physical and theoretical
700 _aAlberty, R.A.
942 _2ddc
_cBK
999 _c44
_d44